[Event "43rd Guernsey Festival 2017"]
[Site "Vale"]
[Date "2017.10.21"]
[Round "7"]
[White "Curtis, John E"]
[Black "Hewson, Brian W R"]
[Result "1/2-1/2"]
[WhiteElo "2093"]
[BlackElo "1995"]
[Annotator "NA"]
[PlyCount "46"]
[EventDate "2017.??.??"]
[EventType "swiss"]
[EventCountry "GCI"]
[SourceTitle "playchess.com"]
[Source "ChessBase"]
[SourceQuality "1"]
[TimeControl "40/6000+30:2400+30"]

{[%evp 8,44,31,14,16,21,26,23,37,46,43,49,40,26,74,50,39,35,32767,18,18,0,32767,0,0,0,11,32767,25,0,0,-8,-3,-13,32767,-20,-12,-6,-14]} 1. d4 {[%emt 0:00:00]} d5 {[%emt 0:00:05]} 2. Nf3 {[%emt 0:00:00]} Nf6 {[%emt 0:00:05]} 3. e3 {[%emt 0:00:00]} c6 {[%emt 0:11:14]} 4. c4 {[%emt 0:00:54]} e6 {[%emt 0:00:44]} 5. Nbd2 {[%emt 0:00:53]} Nbd7 {[%emt 0:00:22]} 6. Bd3 {[%emt 0:00:15]} Bd6 {[%emt 0:03:42]} 7. O-O {[%emt 0:01:41]} O-O {[%emt 0:00:33]} 8. e4 {[%emt 0:00:25]} dxe4 {[%emt 0:01:38]} 9. Nxe4 {[%emt 0:00:04]} Nxe4 {[%emt 0:00:51]} 10. Bxe4 {[%emt 0:00:05]} h6 {[%emt 0:08:32]} 11. Bc2 {[%emt 0:06:10]} e5 {[%emt 0:04:24] LiveBook: 298 Games} 12. Re1 {[%emt 0:13:59]} exd4 {[%emt 0:13:03] D46: Semi-Slav: 5 e3 Nbd7 6 Bd3, Black avoids the Meran} (12... Bb4 13. Re2 exd4 14. Qd3 Nf6 15. h3 Re8 16. Rxe8+ Qxe8 17. Bf4 Be6 18. Be5 c5 19. a3 Ba5 20. Bxf6 gxf6 {½-½ (35) Meier,G (2646)-Michiels,B (2535) Tromsoe 2014}) 13. Nxd4 {[%emt 0:08:34]} Nf6 {[%emt 0:04:15]} 14. Qd3 {[%emt 0:16:54]} Bb4 {[%emt 0:18:50]} 15. Rd1 {[%emt 0:09:50]} Re8 $146 {[%emt 0:05:49]} ({Predecessor:} 15... c5 16. Qb3 Qe7 17. Nf5 Bxf5 18. Bxf5 Rad8 19. Be3 Ba5 20. Qa3 {0-1 (40) Robiolle,J (2000)-Ollivier,J (1929) Muret 2009}) 16. Be3 {[%emt 0:06:17]} Bf8 {[%emt 0:04:59]} 17. h3 {[%emt 0:12:03]} a6 {[%emt 0:06:32]} 18. Qb3 {[%emt 0:01:30]} Qc7 {[%emt 0:01:02]} 19. Rac1 {[%emt 0:07:11]} c5 {[%emt 0:04:31]} 20. Ne2 {[%emt 0:01:07]} Be6 {[%emt 0:01:08]} 21. Nf4 {[%emt 0:02:44]} Bd6 {[%emt 0:03:11]} 22. Nxe6 {[%emt 0:02:41]} Rxe6 $11 {[%emt 0:00:08]} 23. Qd3 {[%emt 0:02:35]} Bf4 {[%emt 0:01:38]} 1/2-1/2

[Event "43rd Guernsey Festival 2017"]
[Site "Vale"]
[Date "2017.10.21"]
[Round "7"]
[White "Dilleigh, Stephen P"]
[Black "Hamperl, Fred"]
[Result "1/2-1/2"]
[WhiteElo "2063"]
[BlackElo "2062"]
[Annotator "NA RC"]
[PlyCount "22"]
[EventDate "2017.??.??"]
[EventType "swiss"]
[EventCountry "GCI"]
[SourceTitle "playchess.com"]
[Source "ChessBase"]
[SourceQuality "1"]
[TimeControl "40/6000+30:2400+30"]

{[%evp 13,22,47,56,28,48,62,39,66,32767,47,49]} 1. Nf3 {[%emt 0:00:00]} c5 {[%emt 0:01:01]} 2. c4 {[%emt 0:00:00]} g6 {[%emt 0:00:37]} 3. e4 {[%emt 0:00:06]} Bg7 {[%emt 0:00:10]} 4. d4 {[%emt 0:00:12]} cxd4 {[%emt 0:00:13]} 5. Nxd4 {[%emt 0:00:11]} Nc6 {[%emt 0:00:17]} 6. Be3 {[%emt 0:00:53]} Nh6 {[%emt 0:00:37]} 7. Nc3 {[%emt 0:14:33]} d6 {[%emt 0:04:18]} 8. Be2 {[%emt 0:02:30]} f5 {[%emt 0:05:52]} 9. exf5 {[%emt 0:07:42]} Nxf5 {[%emt 0:01:04]} 10. Nxf5 {[%emt 0:00:55]} Bxf5 {[%emt 0:00:19]} 11. O-O {[%emt 0:03:15]} O-O $14 {[%emt 0:01:12] LiveBook: 11 Games} 1/2-1/2

[Event "43rd Guernsey Festival 2017"]
[Site "Vale"]
[Date "2017.10.21"]
[Round "7"]
[White "Purdon, Colin"]
[Black "Kirby, Peter J"]
[Result "1-0"]
[WhiteElo "2047"]
[BlackElo "1996"]
[Annotator "NA RC"]
[PlyCount "39"]
[EventDate "2017.??.??"]
[EventType "swiss"]
[EventCountry "GCI"]
[SourceTitle "playchess.com"]
[Source "ChessBase"]
[SourceQuality "1"]
[TimeControl "40/6000+30:2400+30"]

{[%evp 15,39,39,54,52,35,24,28,22,123,115,145,127,127,139,420,32767,32767,32767,32767,32767,32767,631,32767,32767,32767,1735]} 1. d4 {[%emt 0:00:00]} Nf6 {[%emt 0:00:04]} 2. c4 {[%emt 0:00:00]} g6 {[%emt 0:00:09]} 3. Nc3 {[%emt 0:00:00]} Bg7 {[%emt 0:00:08]} 4. e4 {[%emt 0:00:00]} d6 {[%emt 0:00:06]} 5. Nf3 {[%emt 0:00:10]} O-O {[%emt 0:00:19]} 6. h3 {[%emt 0:00:09]} e5 {[%emt 0:00:09]} 7. d5 {[%emt 0:00:07]} Nh5 {[%emt 0:00:18]} 8. g3 {[%emt 0:00:35] E90: King's Indian: Classical: Early deviations and 6 h3} (8. Be3 Na6 9. a3 c5 10. dxc6 bxc6 11. b4 f5 12. Qa4 c5 13. Rd1 Bb7 14. bxc5 f4 15. c6 fxe3 16. cxb7 exf2+ 17. Kd2 Nc5 18. bxa8=Q Qxa8 {0-1 (18) Kovalenko,I (2684)-Mamedov,R (2688) Tallinn 2016}) 8... f5 {[%emt 0:00:15]} 9. exf5 {[%emt 0:01:09]} gxf5 {[%emt 0:00:06]} 10. Ng5 {[%emt 0:02:28]} Nf6 {[%emt 0:02:23]} 11. Bg2 {[%emt 0:02:40] LiveBook: 7 Games} a5 {[%emt 0:03:52] [#]} (11... Qe7 $11) 12. g4 $1 $146 {[%emt 0:14:06]} ({Predecessor:} 12. Be3 Qe7 13. Qe2 Na6 14. O-O h6 15. Nf3 Bd7 {½-½ (50) Gordon,S (2508)-Calzetta Ruiz,M (2264) Liverpool 2008}) 12... Na6 {[%emt 0:04:51]} 13. Ne6 {[%emt 0:07:06]} Bxe6 {[%emt 0:00:04]} 14. dxe6 {[%emt 0:00:06]} fxg4 $2 {[%emt 0:10:38]} (14... Ne4 $16 {was worth a try.}) 15. hxg4 {[%emt 0:05:14]} h6 {[%emt 0:11:05]} 16. Bxh6 {[%emt 0:02:37]} Bxh6 {[%emt 0:00:40]} 17. Rxh6 {[%emt 0:00:10]} Qe7 {[%emt 0:04:53]} 18. g5 {[%emt 0:04:14]} Qg7 {[%emt 0:01:24]} 19. Ne4 {[%emt 0:05:29]} Nh7 {[%emt 0:03:01]} 20. Qh5 $18 {[%emt 0:00:44]} 1-0

[Event "43rd Guernsey Festival 2017"]
[Site "Vale"]
[Date "2017.10.21"]
[Round "7"]
[White "Bowmer, Kevin"]
[Black "Johnsen, Gunnar"]
[Result "1-0"]
[WhiteElo "2041"]
[BlackElo "2178"]
[Annotator "NA"]
[PlyCount "51"]
[EventDate "2017.??.??"]
[EventType "swiss"]
[EventCountry "GCI"]
[SourceTitle "playchess.com"]
[Source "ChessBase"]
[SourceQuality "1"]
[TimeControl "40/6000+30:2400+30"]

{[%evp 9,50,26,31,31,33,25,50,41,27,27,33,23,35,31,43,16,46,45,40,53,74,87,32767,68,32767,32767,70,63,57,43,50,54,50,32767,66,32767,32767,32767,223,253,258,274,500]} 1. e4 {[%emt 0:00:00]} e6 {[%emt 0:00:47]} 2. d4 {[%emt 0:00:00]} d5 {[%emt 0:00:04]} 3. Nd2 {[%emt 0:00:01]} Nf6 {[%emt 0:00:14]} 4. e5 {[%emt 0:00:21]} Nfd7 {[%emt 0:00:18]} 5. c3 {[%emt 0:00:23]} c5 {[%emt 0:00:22]} 6. Bd3 {[%emt 0:00:12]} Nc6 {[%emt 0:00:05]} 7. Ne2 {[%emt 0:00:22]} cxd4 {[%emt 0:00:18]} 8. cxd4 {[%emt 0:00:12]} f6 {[%emt 0:00:06]} 9. exf6 {[%emt 0:00:22]} Nxf6 {[%emt 0:00:00]} 10. O-O {[%emt 0:00:50]} Bd6 {[%emt 0:00:21]} 11. Nf3 {[%emt 0:00:30]} O-O {[%emt 0:00:05]} 12. Bf4 {[%emt 0:02:38]} Nh5 {[%emt 0:04:29]} 13. Bxd6 {[%emt 0:06:20] C06: French Tarrasch: 3...Nf6 4 e5 Nfd7 5 Bd3 main lines} Qxd6 {[%emt 0:00:26] LiveBook: 60 Games} 14. Rc1 {[%emt 0:04:31]} Rxf3 {[%emt 0:10:02]} 15. gxf3 {[%emt 0:03:47]} Bd7 {[%emt 0:03:36]} 16. Rc3 {[%emt 0:13:21]} Rf8 {[%emt 0:01:54]} 17. Re1 {[%emt 0:15:15] [#]} Nf4 $146 {[%emt 0:10:35]} ({Predecessor:} 17... a6 18. Qd2 Be8 19. Bb1 Rf6 20. f4 Bf7 {1-0 (43) Savchenko,B (2632)-Ponomariov,R (2744) Moscow 2010}) 18. Bb5 {[%emt 0:16:02]} Nh3+ {[%emt 0:21:07]} 19. Kg2 {[%emt 0:02:17]} e5 {[%emt 0:06:28]} 20. Bxc6 {[%emt 0:03:16]} bxc6 {[%emt 0:05:20]} 21. dxe5 {[%emt 0:05:47]} Qxe5 {[%emt 0:02:53]} 22. Qd4 {[%emt 0:09:47]} Nf4+ {[%emt 0:03:58]} 23. Kh1 {[%emt 0:01:42]} Qe7 {[%emt 0:11:56]} (23... Qxd4 $16 24. Nxd4 c5) 24. Re3 {[%emt 0:03:58]} ({Less strong is} 24. Qxa7 Nh3 $16) 24... Ne6 {[%emt 0:00:35]} 25. Qxa7 {[%emt 0:02:33]} c5 $18 {[%emt 0:11:37]} (25... Qd6 {was worth a try.} 26. Nd4 Nxd4 27. Qxd4 c5) 26. Nf4 {[%emt 0:02:10]} 1-0

[Event "43rd Guernsey Festival 2017"]
[Site "Vale"]
[Date "2017.10.21"]
[Round "7"]
[White "Kraft, Karl-Heinz"]
[Black "Timmermans, Ivo"]
[Result "0-1"]
[WhiteElo "2036"]
[BlackElo "2126"]
[Annotator "NA"]
[PlyCount "85"]
[EventDate "2017.??.??"]
[EventType "swiss"]
[EventCountry "GCI"]
[SourceTitle "playchess.com"]
[Source "ChessBase"]
[SourceQuality "1"]
[TimeControl "40/6000+30:2400+30"]

1. e4 {[%emt 0:00:00]} e5 {[%emt 0:00:16]} 2. Nc3 {[%emt 0:00:00]} Nf6 {[%emt 0:00:14]} 3. Nf3 {[%emt 0:00:00]} Nc6 {[%emt 0:00:12]} 4. d4 {[%emt 0:00:04]} exd4 {[%emt 0:00:11]} 5. Nd5 {[%emt 0:00:04]} Nxe4 {[%emt 0:00:44]} 6. Bc4 {[%emt 0:00:11] C47: Scotch Four Knights and Four Knights with 4 g3} Be7 {[%emt 0:05:20]} (6... Bb4+ $5 7. Nxb4 (7. c3 dxc3 8. O-O O-O 9. Re1 Nd2 10. Bd3 c2 11. Bxh7+ Kxh7 12. Qxc2+ Kg8 13. Bxd2 Bxd2 14. Qxd2 {½-½ (33) Kraft,K (2630)-Read,M (2571) ICCF corr 1999}) 7... Nxb4 $15) 7. O-O {[%emt 0:00:48]} O-O {[%emt 0:01:09]} 8. Nxd4 {[%emt 0:00:26] LiveBook: 3 Games} Nf6 {[%emt 0:04:51]} 9. Nxc6 {[%emt 0:05:31]} dxc6 {[%emt 0:06:32]} 10. Nxe7+ {[%emt 0:00:54]} Qxe7 {[%emt 0:00:08]} 11. Re1 {[%emt 0:08:25]} Qc5 $146 {[%emt 0:09:53]} ({Predecessor:} 11... Qd6 12. Qf3 Bg4 13. Qb3 b5 14. Bd3 Rfe8 {1-0 (54) Hoffmann,L (2157)-Heimann,A (2095) playchess.com INT 2005}) 12. Qd3 {[%emt 0:15:27]} Bf5 {[%emt 0:03:22]} 13. Qc3 {[%emt 0:04:36]} Qd6 {[%emt 0:11:38]} 14. Be3 {[%emt 0:12:48]} Ng4 {[%emt 0:03:56]} 15. g3 {[%emt 0:01:09]} Nxe3 {[%emt 0:01:01]} 16. Rxe3 {[%emt 0:01:32]} Qd7 {[%emt 0:24:02]} 17. Bd3 {[%emt 0:25:02]} Rfe8 {[%emt 0:04:29]} 18. Rae1 {[%emt 0:00:55]} Rxe3 {[%emt 0:00:15]} 19. Rxe3 {[%emt 0:00:12]} Be6 {[%emt 0:04:43]} 20. Qb4 {[%emt 0:03:13]} b6 {[%emt 0:02:53]} 21. Qh4 {[%emt 0:06:21]} g6 {[%emt 0:02:33]} 22. Qf6 {[%emt 0:01:37]} c5 {[%emt 0:07:38]} 23. h4 {[%emt 0:02:39]} Qd4 {[%emt 0:04:00]} ({Bitte nicht} 23... Bxa2 $6 24. b3 $14) 24. Qg5 {[%emt 0:08:10]} c4 {[%emt 0:02:12]} ({Bloß nicht} 24... Bxa2 25. b3 $11) (24... Qxb2 $19 25. h5 Bxa2 26. hxg6 hxg6) 25. Be4 {[%emt 0:01:47]} Re8 $17 {[%emt 0:01:09]} 26. c3 {[%emt 0:03:51]} Qd8 {[%emt 0:01:25]} 27. Qh6 {[%emt 0:01:37]} Qd1+ {[%emt 0:02:55]} 28. Kh2 {[%emt 0:03:54]} Rd8 {[%emt 0:02:14]} 29. Bxg6 {[%emt 0:01:48]} hxg6 {[%emt 0:02:27]} 30. Rxe6 {[%emt 0:00:05]} Qf3 {[%emt 0:00:56]} 31. Qe3 {[%emt 0:01:40]} Qxe3 {[%emt 0:00:11]} 32. Rxe3 {[%emt 0:00:03]} Rd2 {[%emt 0:00:14]} 33. Kg2 {[%emt 0:00:27]} Rxb2 {[%emt 0:00:28]} 34. Re7 {[%emt 0:00:27]} Rxa2 {[%emt 0:00:44]} 35. Rxc7 {[%emt 0:00:03]} b5 {[%emt 0:00:16]} 36. Rb7 {[%emt 0:01:27]} a6 {[%emt 0:00:21]} 37. Ra7 {[%emt 0:00:21]} Ra3 {[%emt 0:00:56]} 38. Kf1 {[%emt 0:00:26]} Rxc3 {[%emt 0:01:27]} 39. Rxa6 {[%emt 0:00:04]} b4 {[%emt 0:00:14]} 40. Rb6 {[%emt 0:00:44]} b3 {[%emt 0:40:25]} 41. Ke2 {[%emt 0:02:23]} Rc2+ {[%emt 0:00:00]} 42. Ke3 {[%emt 0:00:55]} b2 {[%emt 0:00:00]} 43. Kd4 0-1

[Event "43rd Guernsey Festival 2017"]
[Site "Vale"]
[Date "2017.10.21"]
[Round "7"]
[White "Vorstermans, Peter"]
[Black "Maloberti, David"]
[Result "1/2-1/2"]
[WhiteElo "2007"]
[BlackElo "2132"]
[Annotator "NA"]
[PlyCount "80"]
[EventDate "2017.??.??"]
[EventType "swiss"]
[EventCountry "GCI"]
[SourceTitle "playchess.com"]
[Source "ChessBase"]
[SourceQuality "1"]
[TimeControl "40/6000+30:2400+30"]

{[%evp 8,57,-6,-12,11,-2,33,20,33,34,41,0,72,-18,-32,-31,-4,32767,32767,32767,32767,32767,32767,32767,32767,39,44,31,47,32,46,34,37,23,22,0,27,4,22,0,0,-45,-28,-48,-45,-43,32767,-40,-33,32767,32767,-64]} 1. e4 {[%emt 0:00:00]} e6 {[%emt 0:00:13]} 2. Qe2 {[%emt 0:00:00]} c5 {[%emt 0:02:04]} 3. Nf3 {[%emt 0:00:00]} Nc6 {[%emt 0:01:25]} 4. g3 {[%emt 0:00:10]} Nge7 {[%emt 0:05:50]} 5. Bg2 {[%emt 0:04:13] C00: French: Unusual White 2nd moves} d5 {[%emt 0:00:07]} 6. d3 {[%emt 0:04:05]} dxe4 {[%emt 0:05:43]} (6... g6 7. O-O Bg7 8. e5 b6 9. c3 h6 10. h4 Qc7 11. Re1 Bb7 12. Na3 a6 13. Nc2 a5 14. a4 Ba6 15. Na3 Na7 16. c4 Rd8 17. Nb5 Nxb5 18. cxb5 {1-0 (38) Svetushkin,D (2546)-Pavlov,S (2502) Corund 2017}) 7. dxe4 {[%emt 0:00:10]} Nd4 {[%emt 0:04:04]} 8. Nxd4 {[%emt 0:06:35]} cxd4 {[%emt 0:00:09] LiveBook: 11 Games} 9. O-O {[%emt 0:02:19]} Nc6 {[%emt 0:03:54]} (9... e5 $11) 10. f4 {[%emt 0:08:05]} (10. e5 $1 $14) 10... Bc5 $146 {[%emt 0:00:55]} ({Predecessor:} 10... Be7 11. e5 Qb6 12. Kh1 Bd7 13. Rd1 {0-1 (46) Bujupi,F (2240)-Huss,A (2325) Biel 1997}) 11. Kh1 {[%emt 0:00:34]} O-O {[%emt 0:04:49]} 12. Nd2 {[%emt 0:02:34]} b6 {[%emt 0:06:42]} 13. e5 {[%emt 0:06:16]} Bb7 {[%emt 0:01:12]} 14. Ne4 {[%emt 0:00:22]} Be7 {[%emt 0:09:29]} 15. a3 {[%emt 0:10:41]} a5 {[%emt 0:01:16]} 16. Rd1 {[%emt 0:04:39]} Qc7 {[%emt 0:02:11]} 17. Bd2 {[%emt 0:01:03]} Ba6 {[%emt 0:08:24]} 18. Qg4 {[%emt 0:00:57]} Kh8 {[%emt 0:00:07]} 19. Qh5 {[%emt 0:04:06]} Rad8 {[%emt 0:04:56]} 20. Rac1 {[%emt 0:07:03]} Bc4 {[%emt 0:01:42]} 21. g4 {[%emt 0:04:08]} f6 {[%emt 0:11:21]} 22. exf6 {[%emt 0:05:54]} Bxf6 {[%emt 0:03:28]} 23. g5 {[%emt 0:00:49]} g6 {[%emt 0:00:28]} 24. Qg4 {[%emt 0:03:33]} Bg7 {[%emt 0:01:39]} 25. b3 {[%emt 0:05:45]} Bd5 {[%emt 0:00:26]} 26. Re1 {[%emt 0:01:46]} Qf7 {[%emt 0:08:35]} 27. Rf1 {[%emt 0:08:49]} Qe7 {[%emt 0:04:06]} 28. a4 {[%emt 0:04:26]} Nb4 {[%emt 0:02:04]} 29. Nf2 $15 {[%emt 0:06:16]} Nc6 {[%emt 0:06:33]} 30. Nd3 {[%emt 0:00:44]} Rf5 {[%emt 0:01:03]} 31. Rfe1 {[%emt 0:01:16]} Qf7 {[%emt 0:01:24]} 32. Re2 {[%emt 0:00:56]} e5 {[%emt 0:04:01]} 33. Bxd5 {[%emt 0:00:49]} Qxd5+ {[%emt 0:00:10]} 34. Qg2 {[%emt 0:00:11]} Qxg2+ {[%emt 0:00:11]} 35. Kxg2 {[%emt 0:00:08]} exf4 {[%emt 0:00:33]} 36. Bxf4 {[%emt 0:00:16]} Nb4 {[%emt 0:02:05]} 37. Bd2 {[%emt 0:02:18]} Nd5 {[%emt 0:00:24]} 38. h4 {[%emt 0:00:31]} Kg8 {[%emt 0:00:28]} 39. Rf1 {[%emt 0:01:04]} Rdf8 {[%emt 0:01:34]} 40. Rxf5 {[%emt 0:00:10]} Rxf5 {[%emt 0:40:04]} 1/2-1/2

[Event "43rd Guernsey Festival 2017"]
[Site "Vale"]
[Date "2017.10.21"]
[Round "7"]
[White "Munshi, Aditya"]
[Black "Whatley, Stephen A J"]
[Result "0-1"]
[WhiteElo "1986"]
[BlackElo "2159"]
[Annotator "NA"]
[PlyCount "59"]
[EventDate "2017.??.??"]
[EventType "swiss"]
[EventCountry "GCI"]
[SourceTitle "playchess.com"]
[Source "ChessBase"]
[SourceQuality "1"]
[TimeControl "40/6000+30:2400+30"]

{[%evp 8,59,27,9,4,14,30,28,39,47,97,128,128,0,116,101,98,81,215,185,209,32767,32767,227,32767,212,32767,224,222,226,183,216,230,183,164,162,212,185,194,214,201,32767,32767,32767,32767,162,174,170,150,32767,32767,32767,0,0]} 1. e4 {[%emt 0:00:00]} c5 {[%emt 0:06:31]} 2. Nf3 {[%emt 0:00:00]} Nc6 {[%emt 0:01:20]} 3. Bb5 {[%emt 0:00:09]} e6 {[%emt 0:00:08]} 4. Bxc6 {[%emt 0:00:20]} bxc6 {[%emt 0:04:09]} 5. b3 {[%emt 0:00:19]} d6 {[%emt 0:00:56]} 6. e5 {[%emt 0:00:22] B30: Sicilian: 2...Nc6 3 Bb5, lines without ...g6} dxe5 {[%emt 0:00:20] LiveBook: 20 Games} 7. Nxe5 {[%emt 0:00:09]} Qg5 {[%emt 0:00:27]} 8. Ng4 {[%emt 0:00:48]} f5 {[%emt 0:01:23] [#]} 9. Qf3 $1 {[%emt 0:00:12]} fxg4 {[%emt 0:00:43]} 10. Qxc6+ {[%emt 0:00:33]} Kf7 {[%emt 0:01:29]} (10... Kd8 $11 {keeps the balance.} 11. Qxa8 Qe5+ 12. Kd1 Qxa1) 11. Qxa8 {[%emt 0:02:18]} Qe5+ {[%emt 0:00:11]} 12. Kd1 {[%emt 0:00:13]} Qc7 {[%emt 0:00:43] [#]} (12... Qxa1 $16 13. Qxc8 Qxb1) 13. Qe4 $1 {[%emt 0:03:10]} Nf6 {[%emt 0:03:04] [#]} 14. Qe2 $146 {[%emt 0:34:19]} Bb7 {[%emt 0:06:25]} 15. f3 {[%emt 0:11:48]} gxf3 {[%emt 0:01:49]} 16. gxf3 {[%emt 0:01:38]} Qf4 {[%emt 0:02:02]} 17. d3 {[%emt 0:11:30]} Qxf3 {[%emt 0:10:51]} 18. Rf1 {[%emt 0:01:13]} Qxe2+ {[%emt 0:05:28]} 19. Kxe2 {[%emt 0:00:01]} Bd6 {[%emt 0:03:15]} 20. Nd2 {[%emt 0:08:21]} Bxh2 {[%emt 0:01:40]} 21. Nc4 {[%emt 0:06:42]} h5 {[%emt 0:20:54] [#]} 22. Bf4 $1 {[%emt 0:05:46]} Bxf4 {[%emt 0:00:57]} 23. Rxf4 {[%emt 0:00:01]} g5 {[%emt 0:02:58]} 24. Ne5+ {[%emt 0:07:04]} Kg7 {[%emt 0:00:09]} 25. Rg1 {[%emt 0:05:04]} g4 {[%emt 0:00:07]} 26. Ra4 {[%emt 0:01:26]} a6 {[%emt 0:01:01]} 27. Rc4 {[%emt 0:00:49]} Rc8 {[%emt 0:04:14]} 28. Kd1 {[%emt 0:05:16]} Nd5 {[%emt 0:02:18]} 29. Kc1 {[%emt 0:02:54]} Ne3 {[%emt 0:02:15]} 30. Rf4 $11 {[%emt 0:01:49]} 0-1